000 00398nam a2200145Ia 4500
005 20250729165755.0
008 250729s2006 xx 000 0 und d
041 _akan
082 _a494.51 RACA
100 _aRichard Alvaris
_9232665
245 _aAppikko Appikko ( Makkala Kiru natakagalu)
260 _aMangalore
_bYuva Vidyarthi Sanchalana
_c2006
300 _a141p
650 _aKannada
_9232666
999 _c239896
_d239896